Normal view MARC view
  • Boysson-Bardies, Bénédicte de

Entry Nombre Personal

Number of records used in: 1

001 - NUMERO DE CONTROL

  • campo de control: 47050

003 - IDENTIFICADOR DE NUMERO DE CONTROL

  • campo de control: DLC

005 - FECHA Y HORA DE LA ÜLTIMA TRANSACCIÓN

  • campo de control: 20221017125527.0

008 - DATOS DE LONGITUD FIJA

  • campo de control de longitud fija: 221017n| acannaabn |a aaa

010 ## - NÚMERO DE CONTROL DE LA BIBLIOTECA DEL CONGRESO

  • Número de control LC: n 93013282

035 ## - NUMERO DE CONTROL

  • Número de control: (OCoLC)oca04201911

040 ## - FUENTE DE CATALOGACIÓN

  • Agencia original de catalogación: DLC
  • Lenguaje de catalogación: spa
  • Agencia de transcripción: DLC
  • Agencia que lo modifica: OCoLC
  • Agencia que lo modifica: MX-MxUPN

100 1# - ENCABEZAMIENTO - NOMBRE PERSONAL

  • Nombre personal: Boysson-Bardies, Bénédicte de

400 1# - VEÁSE - NOMBRE DE PERSONA

  • Personal name: Bardies, Bénédicte de Boysson-

400 1# - VEÁSE - NOMBRE DE PERSONA

  • Personal name: De Boysson-Bardies, Bénédicte

670 ## - FUENTE EN LA QUE SE LOCALIZARON DATOS

  • Cita de la fuente: Developmental neurocognition, 1993:
  • Información localizada: CIP portada (Bénédicte de Boysson-Bardies, Experimental Psychology Laboratory, E.H.E.S.S. and C.N.R.S., Paris, France)

670 ## - FUENTE EN LA QUE SE LOCALIZARON DATOS

  • Cita de la fuente: LC data base, 2-11-93
  • Información localizada: (hdg.: Boysson-Bardies, Bénédicte)

902 ## - CATALOGADOR

  • Catalogador: NDAF/171022